000 00285nam a2200109Ia 4500
008 220204s9999 xx 000 0 und d
082 _a618.2
_bELA
245 0 _aEverything a woman needs to know about pregnancy
260 _aNew Delhi
_bVikas
_c1978
650 _aObstetrics
942 _cBK
999 _c30435
_d30435